skbl

Dr Suryya Kumar Bhuyan Library Web-OPAC
ডঃ সূৰ্য্য
কুমাৰ ভূঞা পুথিভঁৰাল ৱেব-অ'পেক

All Research Scholars are advised to clear the annual library fees to continue using Library Resources, Remote Access, Plagiarism Test and Library Clearance.

Cotton University Book Fair 2026

Statistical Methods / (Record no. 41016)

MARC details
000 -LEADER
fixed length control field 00690nam a2200277Ia 4500
001 - CONTROL NUMBER
control field 41046
005 - DATE AND TIME OF LATEST TRANSACTION
control field 20240114003403.0
007 - PHYSICAL DESCRIPTION FIXED FIELD--GENERAL INFORMATION
fixed length control field ta
008 - FIXED-LENGTH DATA ELEMENTS--GENERAL INFORMATION
fixed length control field 080204s1992 g b000 u 465 u
040 ## - CATALOGING SOURCE
Original cataloging agency cottonCollege,Assan
041 ## - LANGUAGE CODE
Language code of text/sound track or separate title 465
082 ## - DEWEY DECIMAL CLASSIFICATION NUMBER
Classification number 311
Item number Me 468 St
100 ## - MAIN ENTRY--PERSONAL NAME
Personal name Medhi, J .
245 #0 - TITLE STATEMENT
Title Statistical Methods /
Statement of responsibility, etc. J Medhi.
Medium Textual Documents
250 ## - EDITION STATEMENT
Edition statement Ist ed /
260 ## - PUBLICATION, DISTRIBUTION, ETC.
Place of publication, distribution, etc. New Delhi :
Name of publisher, distributor, etc. New Age Interanational (P) Ltd,Publishers ,
Date of publication, distribution, etc. 1992.
300 ## - PHYSICAL DESCRIPTION
Extent 438p ;
Dimensions 24cm.
653 ## - INDEX TERM--UNCONTROLLED
Uncontrolled term P.G-Stat
942 ## - ADDED ENTRY ELEMENTS (KOHA)
Source of classification or shelving scheme Dewey Decimal Classification
Koha item type Books
Holdings
Withdrawn status Lost status Damaged status Not for loan Collection Home library Current library Date acquired Coded location qualifier Total checkouts Full call number Barcode Date last seen Copy number Price effective from Koha item type
          Dr. Suryya Kumar Bhuyan Library Dr. Suryya Kumar Bhuyan Library 01/02/2012 00000   311 Me 468 St 90826 14/01/2024 2 01/02/2012 Books
          Dr. Suryya Kumar Bhuyan Library Dr. Suryya Kumar Bhuyan Library 01/02/2012 00000   311 Me 468 St 074/Stat 14/01/2024 5 01/02/2012 Books
          Dr. Suryya Kumar Bhuyan Library Dr. Suryya Kumar Bhuyan Library 01/02/2012 00000   311 Me 468 St 213/Stat 14/01/2024 1 01/02/2012 Books
          Dr. Suryya Kumar Bhuyan Library Dr. Suryya Kumar Bhuyan Library 01/02/2012 00000   311 Me 468 St 217/Stat 14/01/2024 4 01/02/2012 Books
          Dr. Suryya Kumar Bhuyan Library Dr. Suryya Kumar Bhuyan Library 01/02/2012 00000   311 Me 468 St 90825 14/01/2024 3 01/02/2012 Books

Designed and Maintained by Team SKBL
©1901-2026

Powered by Koha